Statistiques concernant Top 15 des pays avec les décès de Covid-19 - 18 mai

Cliquez ici pour prendre le quiz!

Statistiques générales

  • Ce quiz a été pris 25 fois
  • Le résultat moyen est 15 sur 21

Statistiques - réponses

pays% Correct
France
100%
Chine
96%
Italie
96%
Allemagne
92%
Espagne
92%
Etats-Unis
92%
Royaume-Uni
88%
Belgique
83%
Brésil
83%
Canada
83%
Mexique
75%
Iran
71%
Pays-Bas
67%
Suède
63%
Suède
63%
Suisse
63%
Turquie
58%
Portugal
54%
Irlande
50%
Danemark
38%
Équateur
25%

Distribution des résultats

Percentile par nombre de réponses

% des personnes avec chaque résultat

Votre développement - résultats

Vous n’avez pas pris ce quiz